Alternativní indexy predikční síly credit scoringových modelů
Analýza schopnosti klienta finančnej inštitúcie splácať svoje záväzky. Giniho koeficient. QLift. Liftový pomer. Relatívny Lift. Integrálny relatívny Lift.
Gespeichert in:
| 1. Verfasser: | |
|---|---|
| Format: | Buchkapitel |
| Sprache: | Tschechisch |
| Schlagworte: | |
| Tags: |
Keine Tags, Fügen Sie das erste Tag hinzu!
|
MARC
| LEADER | 00000naa$a2200000$$$4500 | ||
|---|---|---|---|
| 001 | 0116988 | ||
| 005 | 20220715093519.5 | ||
| 041 | 0 | |a cze | |
| 044 | |a SK | ||
| 245 | 1 | 0 | |a Alternativní indexy predikční síly credit scoringových modelů |c Martin Řezáč |
| 520 | |a Analýza schopnosti klienta finančnej inštitúcie splácať svoje záväzky. Giniho koeficient. QLift. Liftový pomer. Relatívny Lift. Integrálny relatívny Lift. | ||
| 610 | 2 | 0 | |a klienti |
| 610 | 2 | 0 | |a modely |
| 610 | 2 | 0 | |a indexy |
| 610 | 2 | 0 | |a metódy štatistické |
| 610 | 2 | 0 | |a štatistika aplikovaná |
| 610 | 2 | 0 | |a štatistika |
| 100 | 1 | |a Řezáč, Martin | |